Riconosci il Pokémon - Quiz n°945 - Statistics

Statistiche generali
  • Questo quiz è stato fatto 2 volte
  • Il punteggio medio è 7 su 10
Statistiche sulle risposte
Indizio Risposta % Corretto
Altezza 0,3 m
100%
Generazione Nona
100%
Tipo Veleno / Spettro
100%
Peso 0,3 kg
50%
Tasso di cattura 3 (1.6%)
50%
Tasso di allevamento Lento
50%
Abilità Malia Tossica
50%
Stadio evoluzione Non si evolve
50%
Pokémon Pecharunt
50%
Sesso Sconosciuto
50%
Nessun quiz corrispondente trovato
Distribuzione punteggi
Percentuale di utenti per punteggio
Percentile per numero di risposta
I tuoi punteggi nel tempo
Non hai fatto questo quiz